00992nam a22002417a 4500999001700000003000900017008004100026040007100067082002000138100002300158245004900181260003000230300002800260440004000288505014200328650003300470650003500503650003400538700004700572942001600619945002100635952009400656 c19863d19863AR-CdUCM190523b ||||| |||| 00| 0 spa d aMUNICIPALIDAD PROVINCIAL DEL CUSCOcBIBLIOTECA MUNICIPAL DEL CUSCO a149 /bD722ed. aDilthey, Wilhelm : aHombre y el mundo en los siglos XVI y XVII / aMéxico :bStylo,c1947. a502 Páginas ;c24 cm. aFondo de cultura económica913042 aContenido: Los motivos fundamentales de la conciencia metafísica -- El sistema natural de las ciencias del espiritu en el siglo XVII... aAnálisis del hombre941526 aConciencia metafísica941527 aAutonomía del pensar941528 aImaz, Eugenio (versión y prologo)941529 2ddccLIBROS aAndyd2019-05-23 002ddc4070aSHbSHcCARTd2019-05-23g15.00o149 / D7pSH0000015164r2019-05-23yLIBROS